Caja de Ahorros Provincial de la Diputación de Barcelona : bloques de viviendas de renta limitada, grupo 1o : sitos en las calles de Guipúzcoa, Provensals y Concilio de Trento (La Verneda) bloques de viviendas de renta limitada, grupo 1o :
Descripción Física:
[8] p. : il. col. ; 17 cm
Materias:
Habitatge públic -- Barcelona
MARC
| LEADER | 00000nam a2200000Ia 4500 | ||
|---|---|---|---|
| 001 | 19976 | ||
| 008 | 160829s1965 xx 000 0 cat d | ||
| 080 | |a FU-11-23 | ||
| 245 | |a Caja de Ahorros Provincial de la Diputación de Barcelona : |b bloques de viviendas de renta limitada, grupo 1o : |b sitos en las calles de Guipúzcoa, Provensals y Concilio de Trento (La Verneda) | ||
| 260 | |a Barcelona : |b Gráficas Flos-Berga, |c 1965 | ||
| 300 | |a [8] p. : |b il. col. ; |c 17 cm | ||
| 590 | |a Prové de R-603, exp. 174 | ||
| 650 | |a Habitatge públic |x Barcelona |9 48299 | ||
| 710 | 2 | |a Caixa de Catalunya |9 53090 | |
| 710 | 1 | |a Barcelona (Catalunya : Província). |b Diputació |9 52408 | |
| 901 | |a Arxiu | ||
| 942 | |n 1 | ||
| 952 | |0 0 |1 0 |4 0 |6 FU1123 |7 1 |9 53914 |a Arxiu |b Arxiu |d 2016-12-01 |l 0 |o FU-11-23 |p 19976 |r 2016-12-01 00:00:00 |w 2016-12-01 |y ARXIU | ||
| 999 | |c 57781 |d 57781 | ||